000 003270000a22001450004500
020 _a0-85110-467-3
041 0 _aENG
082 0 4 _aG 234.12 Bri
100 1 _aBridge, Donald
245 1 0 _aSings and wonders today / Donald Bridge
260 _aLeicester, USA : InterVarsity
300 _a204 Pag
001 4181
942 _cBK
999 _c34793
_d34793